000 00563nam a2200205Ia 4500
001 9419
003 GE_BSU
008 181216s||||||||xx |||||||||||||| ||und||
040 _cGE_BSU
080 _a624.131.1
100 _aЛомтадзе,В.Д.
245 _aИнженерная геология. Специальная инженерная геология.
245 _bУчебник.
260 _aЛ.
260 _bНедра.
260 _c1978.
300 _a496 стр. 22 см.
653 _aИнженерная геология.
942 _cBK
999 _c42713
_d42713